logo

Bir Sreshtho Munshi Abdur Rouf Library
Jhenaidah Cadet College

Faith and power : (Record no. 6429)

MARC details
000 -LEADER
fixed length control field 00786cam a2200265 a 4500
003 - CONTROL NUMBER IDENTIFIER
JCCL marc code BD-JhCC
005 - DATE AND TIME OF LATEST TRANSACTION
control field 20180123105004.0
008 - FIXED-LENGTH DATA ELEMENTS--GENERAL INFORMATION
fixed length control field 840207s1982 enkb b 001 0 eng c
020 ## - INTERNATIONAL STANDARD BOOK NUMBER
International Standard Book Number 0571119441
020 ## - INTERNATIONAL STANDARD BOOK NUMBER
International Standard Book Number 0571119786 (pbk.)
035 ## - SYSTEM CONTROL NUMBER
system control number (BD-JhCC)
040 ## - CATALOGING SOURCE
Original cataloging agency MH
Transcribing agency MH
Modifying agency DLC
-- OCoLC
041 ## - LANGUAGE CODE
Language code of Book eng
050 14 - LIBRARY OF CONGRESS CALL NUMBER
Classification number BP63.A4
Item number N425x 1982c
082 ## - DEWEY DECIMAL CLASSIFICATION NUMBER
Classification number 297.1977
Author mark and Year MOR 1982
100 1# - MAIN ENTRY--PERSONAL NAME
Personal name Mortimer, Edward.
245 10 - TITLE STATEMENT
Title Faith and power :
Remainder of title the politics of Islam /
Statement of responsibility, etc Edward Mortimer.
260 ## - PUBLICATION, DISTRIBUTION, ETC. (IMPRINT)
Place of publication, distribution, etc London :
Name of publisher, distributor, etc Faber and Faber,
Date of publication, distribution, etc 1982.
300 ## - PHYSICAL DESCRIPTION
Pagination 432 p. :
Other physical details maps ;
Dimensions 23 cm.
504 ## - BIBLIOGRAPHY, ETC. NOTE
Bibliography, etc Includes bibliographical references and index.
650 #0 - SUBJECT ADDED ENTRY--TOPICAL TERM
Topical term or geographic name as entry element Islam and politics
Geographic subdivision Middle East.
651 #0 - SUBJECT ADDED ENTRY--GEOGRAPHIC NAME
Geographic name Middle East
General subdivision Politics and government
Chronological subdivision 1945-
942 ## - ADDED ENTRY ELEMENTS (KOHA)
Source of classification or shelving scheme Dewey Decimal Classification
Koha item type Books
Holdings
Source of classification or shelving scheme Damaged status Not for loan Home library Current library Shelving location Total Checkouts Full call number Barcode Date last seen Copy number Koha item type
Dewey Decimal Classification     JCC Rouf Library JCC Rouf Library General Stacks   297.1977 MOR 1982 659 01/23/2018 C - 1 Books

JCC Library | Contacts | JCC Home

Last Update on 23 September 2017
Copyright @ 2017-2020 JCC Rouf Library
Rouf Library, Jhenidah Cadet College (JCC), Bangladesh